000 00391nam a22001337a 4500
003 SGT
020 _a8173152659
082 _a200
_bN99S
100 _aशर्मा, मनु
245 _aनारद की भविष्यवाणी : कृष्ण की आत्मकथा
260 _b प्रभात प्रकाशन
_c1999
300 _a347
942 _2ddc
_cBK
999 _c31666
_d31666